LEADER 01138nam a2200241 i 4500 001 000000057711 003 CaOOAMICUS 005 20040622000000.0 008 040622s1994 it u000 u ita u 013 $a28883 040 $aSeMil$bita 100 1 $aDe Peverelli, Maria.$0(OLS)http://semarc/name/29385 245 10$aDentro l'immagine :$bpaesaggi, arredi e dettagli nella pittura del Rinascimento italiano /$cMaria De Peverelli [e] Ludovico Pratesi. 260 $aMilano :$bAmilcare Pizzi,$ccopyr. 1994. 300 $a237 p. :$briccamente ill. ;$c29 cm. 500 $aA pič del front. : Credito Artigiano. - In custodia. 650 4$aPittura italiana - Sec. 15.$0(OLS)http://semarc/subject/11620 700 1 $aPratesi, Ludovico.$0(OLS)http://semarc/name/29386 850 $aSeMil 852 $aSeMil$W1$xVenegono$y1$m5Q XI 10$j23865$B23865$CSeMilBibl$Z2$F23867 $8I 961 $aOmaggio: Mezzanotti mons. Alessandro 996 $6245$aDentro l'immagine :$bpaesaggi, arredi e dettagli nella pittura del Rinascimento italiano$9(OLS)http://semarc/title/89850 996 $6260$aMilano :$bAmilcare Pizzi$9(OLS)http://semarc/publisher/32444 LEADER 01162nam a2200265 4500 001 000000346966 003 CaOOAMICUS 005 20210708101324.0 008 210708s2015 it a 000 u ita r 020 $a978-88-6558-173-5 040 $aSeMil$bita 100 1 $aRavasi, Gianfranco,$c.$0(OLS)http://semarc/name/244 245 10$aMisericordia :$b12 riflessioni per vivere il Giubileo /$cGianfranco Ravasi ; illustrazioni di Gustavo Doré. 264 1$aRoma :$bECRA,$c2015. 300 $a105 p. :$bill. ;$c22 cm 490 1 $aBiblioteca ;$v6 650 4$aGiubilei - 2015-2016.$0(OLS)http://semarc/subject/16291 700 1 $aDoré, Gustave,$d<1832-1883>.$0(OLS)http://semarc/name/8279 830 0$aBiblioteca ;$v6.$0(OLS)http://semarc/title/7577 850 $aSeMil 852 $aSeMil$W1$xVenegono$y1$m3F II 1041$j227529$B238039$CSeMilBibl$Z2$F238039 $81 996 $6020$a978-88-6558-173-5$9(OLS)http://semarc/number/293630 996 $6245$aMisericordia :$b12 riflessioni per vivere il Giubileo$9(OLS)http://semarc/title/436216 996 $6264$aRoma :$bECRA$9(OLS)http://semarc/publisher/33150